00951 2200361 4500001002100000005001500021035002000036245007900056100002000135250000600155300003500161700001900196260004700215082001000262084001600272020002200288650002400310990001700334990001700351990001700368990001700385990001700402990001700419990001700436990001700453990001700470990001700487990001700504990001700521990001700538990001700555990001700572INLIS00000000000013020180830110433 a0010-08180000941 aMembuat Kreasi dari Bahan Alami /cArief Kurniawan; Editor, Muhammad Rizal0 aArief Kurniawan a- avi, 66 hlm. :bilus. ;c21 cm.0 aMuhammad Rizal aBandung :bPT Karsa Mandiri Persada,c2009 a745.5 a745.5 ARI m a978-979-005-040-2 aKeterampilan Tangan a00557/P/2018 a00558/P/2018 a00559/P/2018 a00575/P/2018 a00576/P/2018 a00576/P/2018 a00557/P/2018 a00558/P/2018 a00559/P/2018 a00575/P/2018 a00575/P/2018 a00557/P/2018 a00558/P/2018 a00559/P/2018 a00576/P/2018